Statistics for NHL Most Goals During the 2000's

Click here to take the quiz!

General Stats

  • This quiz has been taken 221 times
  • The average score is 13 of 30

Answer Stats

GoalsPlayer% Correct
219*Alex Ovechkin
95%
259*Jaromir Jagr
86%
223*Joe Thornton
76%
318*Jarome Iginla
72%
222Joe Sakic
72%
234Martin St. Louis
64%
233Teemu Selanne
63%
225*Patrick Marleau
59%
264Vincent Lecavalier
59%
260Dany Heatley
55%
297Ilya Kovalchuk
55%
236Mats Sundin
50%
256Daniel Alfredsson
49%
295*Marian Hossa
47%
223Patrik Elias
44%
262Milan Hejduk
36%
219*Marian Gaborik
35%
221Brendan Shanahan
32%
269Markus Naslund
30%
229Alexei Kovalev
29%
210*Shane Doan
28%
231Keith Tkachuk
24%
208Ryan Smyth
22%
217Olli Jokinen
18%
216Miroslav Satan
14%
233Bill Guerin
13%
222Simon Gagne
11%
210Jason Arnott
9%
211Petr Sykora
9%
207Brian Rolston
4%

Score Distribution

Percentile by Number Answered

Percent of People with Each Score

Your Score History

You have not taken this quiz